[Event "45th Olympiad 2024"]
[Site "Budapest HUN"]
[Date "2024.09.13"]
[Round "3.28"]
[Board "3"]
[White "Arkadan, Adib"]
[Black "Wafa, Hamed"]
[Result "0-1"]
[WhiteElo "2181"]
[BlackElo "2368"]
[PlyCount "114"]
[EventDate "2024.09.11"]
[WhiteTeam "Lebanon"]
[BlackTeam "Egypt"]
[WhiteTeamCountry "LBN"]
[BlackTeamCountry "EGY"]

1. Nf3 c5 2. c4 Nf6 3. Nc3 Nc6 4. g3 d6 5. Bg2 g6 6. O-O Bg7 7. d4 cxd4 8. Nxd4 Bd7 9. b3 O-O 10. Bb2 Nxd4 11. Qxd4 Bc6 12. Nd5 Bxd5 13. Bxd5 Ne8 14. Qd2 Bxb2 15. Qxb2 Qc7 ({RR} 15... Qb6 16. e3 Nc7 17. Rfd1 Rfc8 18. Rac1 Nxd5 19. Rxd5 Rc5 20. Qd2 a5 21. e4 Qb4 22. Qe3 a4 23. Rxc5 Qxc5 24. Qxc5 dxc5 25. Rb1 axb3 26. Rxb3 Rxa2 27. Rxb7 Rc2 28. Rxe7 Rxc4 29. Rc7 Rxe4 30. Rxc5 {½-½ Malakhov,V (2705)-Andreikin,D (2689) EU-ch 13th Plovdiv 2012 (10)}) ({RR} 15... Rb8 16. Rad1 b5 17. c5 e6 18. Bf3 b4 19. e4 Qe7 20. c6 Nc7 21. Qd4 Rfd8 22. Qxa7 Ra8 23. Qd4 Rxa2 24. Qxb4 Raa8 25. e5 Na6 26. exd6 Qf6 27. Qf4 Qc3 28. c7 Rd7 29. Bxa8 {1-0 Sipila,V (2447)-Bugayev,V (2085) Titled Tue 23rd Apr Late 2024 (1)}) 16. Rfd1 Nf6 17. Bf3 Rfc8 $146 ({RR} 17... a5 18. Rd4 Rab8 19. h4 h5 20. a4 Rfc8 21. Rad1 Qd8 22. Bg2 Rc5 23. Qd2 Kg7 24. Qc3 b5 25. axb5 Rbxb5 26. Rd5 Rxd5 27. Bxd5 Rb4 28. Bc6 Qc7 29. Ba4 Kg8 30. Qe3 Rb7 31. Ra1 Rb4 32. Rc1 {½-½ Vukic,M (2450)-Marangunic,S (2435) YUG Team Cup-27 1984 (5.1)}) ({RR} 17... Rfd8 18. Rac1 Rac8 19. Qd2 b6 20. Qh6 Qd7 21. Rd4 Qe8 22. Rcd1 Qf8 23. Qd2 Rc7 24. Kg2 Rdc8 25. h4 Qg7 26. Qe3 h6 27. a4 a5 28. R4d3 Rb8 29. Rb1 Qf8 30. Rc3 Nd7 31. h5 g5 32. Be4 {1-0 Suess,S (2004)-Wagner,L (1957) Pyramiden Franken Cup 2015 (4)}) 18. Qd4 a6 19. Rac1 Rab8 20. b4 b6 21. Rd3 a5 22. a3 Qa7 23. Rdc3 Rc7 24. c5 bxc5 25. bxc5 Rbc8 26. Kg2 Rxc5 27. Rxc5 dxc5 28. Qe3 Qc7 29. Rb1 c4 30. Qc3 Qc5 31. e4 Rd8 32. e5 Nd5 33. Bxd5 Rxd5 34. e6 f6 35. Rc1 Rd4 36. Qf3 Rd2 37. Rc3 Kg7 38. Qf4 Qd5+ 39. Qf3 Qd4 40. Re3 f5 41. Qb7 Qd5+ 42. Qxd5 Rxd5 43. Kf1 Kf6 44. f4 Rd3 45. Rxd3 cxd3 46. Kf2 Kxe6 47. Ke3 Kd5 48. Kxd3 e5 49. fxe5 Kxe5 50. Ke3 g5 51. h3 h5 52. Kf3 f4 53. gxf4+ gxf4 54. Kf2 Ke4 55. Ke2 f3+ 56. Kf2 Kf4 57. a4 h4 0-1

[Event "45th Olympiad 2024"]
[Site "Budapest HUN"]
[Date "2024.09.13"]
[Round "3.30"]
[Board "3"]
[White "Gomez, John Paul"]
[Black "Andrianiaina, Heritiana"]
[Result "1-0"]
[WhiteElo "2408"]
[BlackElo "2149"]
[PlyCount "55"]
[EventDate "2024.09.11"]
[WhiteTeam "Philippines"]
[BlackTeam "Madagascar"]
[WhiteTeamCountry "PHI"]
[BlackTeamCountry "MAD"]

1. d4 d5 2. c4 e6 3. Nc3 a6 4. e3 Nf6 5. Nf3 c5 6. cxd5 exd5 7. Be2 Nc6 8. O-O Be7 9. b3 O-O 10. Bb2 Be6 ({RR} 10... Re8 11. Rc1 cxd4 12. Nxd4 Ne5 13. h3 Bd7 14. Nf3 Nxf3+ 15. Bxf3 Bc6 16. Ne2 Rc8 17. Nd4 Bd7 18. Qd3 Qa5 19. a3 Rxc1 20. Rxc1 Rc8 21. Rxc8+ Bxc8 22. b4 Qd8 23. Nf5 Bf8 24. g4 g6 25. Ng3 {1-0 Pushkov,N (2515)-Orsag,M (2415) Decin op 1995 (8)}) ({RR} 10... Re8 11. Rc1 cxd4 12. Nxd4 Ne5 13. Nf3 Nc6 14. Nd4 Ne5 15. Nf3 Ng6 16. Qd2 Be6 17. Rfd1 Bd6 18. Na4 Qe7 19. h3 Rad8 20. Qd4 Bf5 21. Nh4 Be4 22. Nxg6 fxg6 23. Nc5 Qf7 24. Nxe4 Nxe4 25. Bf3 {0-1 Raczek,K (2347)-Sosa,T (2554) 35th Roquetas de Mar Open 2024 (3.3)}) 11. Rc1 b6 $146 ({RR} 11... cxd4 12. Nxd4 Rc8 13. Na4 Nb8 14. Nxe6 fxe6 15. Qd3 Qd6 16. f4 Nbd7 17. Rfd1 b5 18. Nc3 Qb6 19. Bf3 Bc5 20. Re1 Rfd8 21. Kh1 h5 22. h3 h4 23. Nd1 Bb4 24. Rxc8 Rxc8 25. Re2 Qc6 26. Nf2 {1-0 Eperjesi,L (2365)-Dubeck,M (2090) Cannes op 1990 (7)}) ({RR} 11... Nd7 12. dxc5 Nxc5 13. Nd4 Bf6 14. Ba3 Qa5 15. Bxc5 Qxc5 16. Ne4 Qb6 17. Nxf6+ gxf6 18. Nxc6 bxc6 19. Bd3 Rfc8 20. Qh5 Kf8 21. Bxh7 Ke7 22. Bf5 Rh8 23. Qf3 Qc7 24. h3 Rag8 25. Rc5 Rg5 26. Bxe6 {1-0 Berg,K (2350)-Behrhorst,F (2320) Hamburger SK im HSV 1985 (8)}) 12. Ne5 Nxe5 13. dxe5 Ne4 14. Nxe4 dxe4 15. Qc2 Qd5 16. f4 exf3 17. Bxf3 Qd7 18. Rfd1 Qa7 19. Bxa8 Qxa8 20. Qf2 a5 21. Qf4 h6 22. h4 a4 23. bxa4 c4 24. Rxc4 Bc5 25. Rc3 Bxa2 26. Rxc5 bxc5 27. e6 fxe6 28. Qc7 1-0

[Event "45th Olympiad 2024"]
[Site "Budapest HUN"]
[Date "2024.09.13"]
[Round "3.30"]
[Board "4"]
[White "Andriamasoandro, Miora"]
[Black "Garcia, Jan Emmanuel"]
[Result "0-1"]
[WhiteElo "2116"]
[BlackElo "2380"]
[PlyCount "90"]
[EventDate "2024.09.11"]
[WhiteTeam "Madagascar"]
[BlackTeam "Philippines"]
[WhiteTeamCountry "MAD"]
[BlackTeamCountry "PHI"]

1. d4 Nf6 2. c4 g6 3. Nc3 Bg7 4. e4 d6 5. Be2 O-O 6. Be3 Na6 7. h3 c5 8. Nf3 cxd4 9. Nxd4 Nc5 10. Qc2 ({RR} 10. Bf3 Ne6 11. O-O Nxd4 12. Bxd4 Be6 13. Nd5 Bxd5 14. cxd5 Rc8 15. Qd2 Nd7 16. Bxg7 Kxg7 17. Bg4 Rc4 18. Bxd7 Qxd7 19. f3 Qc7 20. Rac1 Qc5+ 21. Qf2 Rxc1 {0-1 Handler,F (1888)-Stankovic,B (2311) 36th Pula Open 2024 (1.11)}) 10... b6 $146 ({RR} 10... Ne6 11. O-O Nxd4 12. Bxd4 Nd7 13. Be3 b6 14. Rfd1 Bb7 15. Rac1 Rc8 16. Qd2 Nc5 17. f3 a6 18. Nd5 Bxd5 19. cxd5 b5 20. Rc2 Na4 21. Rdc1 Rxc2 22. Rxc2 Qb8 23. b3 Nc5 24. b4 Na4 25. Qc1 {1-0 Damjanovic,V (2328)-Matovic,M (2218) SRB-chT Premier 2020 (11.2)}) ({RR} 10... a5 11. O-O b6 12. Rfd1 Bb7 13. Bf3 Nfd7 14. Rac1 Ne6 15. Nxe6 fxe6 16. Bg4 Kf7 17. f4 h5 18. Be2 Bh6 19. Rf1 Rc8 20. Qd2 Nf6 21. Bd3 Qc7 22. Kh1 Bg7 23. Qf2 Nd7 24. Qg3 h4 25. Qg4 {1-0 Mc Intosh,I (2215)-Al Busaidi,H (1743) Olympiad-44 Chennai 2022 (10.3)}) 11. b4 Ne6 12. Rd1 Nxd4 13. Bxd4 Bb7 14. O-O Qc7 15. Nd5 Bxd5 16. exd5 a5 17. a3 Nd7 18. Bxg7 Kxg7 19. Qb2+ Kg8 20. f4 axb4 21. axb4 Ra7 22. Rfe1 Rfa8 23. Bd3 Ra2 24. Qd4 Nf6 25. Re3 R8a4 26. b5 Qa7 27. Rde1 Ra1 28. Bb1 Rb4 29. Rxe7 Rbxb1 30. Rxa7 Rxe1+ 31. Kh2 Rh1+ 32. Kg3 Nh5+ 33. Kh4 Rxa7 34. Qxb6 Ra4 35. Qxd6 Rxc4 36. g3 h6 37. b6 Rb1 38. Qe7 Kg7 39. b7 Nf6 40. g4 Rxf4 41. Kg3 Rb3+ 42. Kg2 Rd4 43. Kf1 Rb1+ 44. Kf2 Rb2+ 45. Kf3 Rd3+ 0-1

[Event "45th Olympiad 2024"]
[Site "Budapest HUN"]
[Date "2024.09.13"]
[Round "3.31"]
[Board "1"]
[White "Bai, Adelard"]
[Black "Galaviz Medina, Sion Radamantys"]
[Result "1/2-1/2"]
[WhiteElo "2378"]
[BlackElo "2488"]
[PlyCount "77"]
[EventDate "2024.09.11"]
[WhiteTeam "Chinese Taipei"]
[BlackTeam "Mexico"]
[BlackTeamCountry "MEX"]

1. d4 Nf6 2. c4 e6 3. Nf3 d5 4. g3 Nc6 5. Bg2 Bd6 6. O-O O-O 7. Bg5 h6 8. Bxf6 Qxf6 9. cxd5 exd5 10. Nc3 Ne7 11. e4 ({RR} 11. Nb5 c6 12. Nxd6 Qxd6 13. Ne5 Bf5 14. e3 Ng6 15. Nd3 Rfe8 16. h4 Rab8 17. h5 Ne7 18. Nf4 Nc8 19. Rc1 Qf6 20. Qa4 Rd8 21. b4 a6 22. Qb3 Nd6 23. a4 Re8 24. b5 axb5 25. axb5 Be4 {½-½ Dubov,D (2708)-Bluebaum,M (2658) Titled Tue 20th Feb Late 2024 (11)}) 11... dxe4 12. Nxe4 Qe6 13. Re1 Qd7 $146 ({RR} 13... c6 14. Nc5 Qf6 15. Ne5 Rd8 16. Qb3 Bc7 17. Rad1 Nd5 18. a3 Bb6 19. h3 Bf5 20. Nxb7 Rdb8 21. Nxc6 Rxb7 22. Qxd5 Rc8 23. Ne7+ Rxe7 24. Rxe7 Qxe7 25. Qxf5 Rd8 26. Bd5 Rd6 27. Kg2 g6 28. Qf3 {½-½ Chigaev,M (2632)-Bluebaum,M (2661) Titled Tue 14th Mar Late 2023 (7)}) ({RR} 13... Rd8 14. Qc2 Bb4 15. Re2 Qb6 16. a3 Bd6 17. Rae1 Be6 18. Nc5 Bxc5 19. dxc5 Qa6 20. Bf1 b5 21. Rxe6 fxe6 22. Bh3 Qc6 23. Ne5 Qa6 24. Qb3 Nd5 25. c6 {1-0 Yu,Y (2708)-Gadimbayli,A (2505) TUR-chT Ankara 2022 (7.3)}) 14. Ne5 Bxe5 15. dxe5 Qb5 16. Qc2 Nc6 17. Nc3 Qc5 18. Qe4 Re8 19. Nd5 Rxe5 20. Qf4 Qd6 21. Red1 Rb8 22. Rac1 Re2 23. b4 a6 24. Qc4 Re8 25. a4 Rd8 26. Ne3 Qe7 27. Rxd8+ Nxd8 28. Nd5 Qd6 29. Qxc7 Qxc7 30. Rxc7 Be6 31. Nf4 Bb3 32. a5 Ba4 33. Nd3 Ne6 34. Rc1 b6 35. Bc6 Nd4 36. Bxa4 Ne2+ 37. Kg2 Nxc1 38. Nxc1 bxa5 39. bxa5 1/2-1/2

[Event "45th Olympiad 2024"]
[Site "Budapest HUN"]
[Date "2024.09.13"]
[Round "3.31"]
[Board "4"]
[White "Palma Villanueva, Miguel Tadeo"]
[Black "Wang, Ting-Hao"]
[Result "1-0"]
[WhiteElo "2266"]
[BlackElo "1842"]
[PlyCount "59"]
[EventDate "2024.09.11"]
[WhiteTeam "Mexico"]
[BlackTeam "Chinese Taipei"]
[WhiteTeamCountry "MEX"]

1. e4 c6 2. c4 d5 3. exd5 cxd5 4. cxd5 Nf6 5. Bb5+ Nbd7 6. d4 g6 7. Nc3 Bg7 8. Nf3 O-O 9. Bxd7 Nxd7 ({RR} 9... Qxd7 10. Ne5 Qd6 11. Nc4 Qa6 12. Ne3 Rd8 13. Qe2 Qxe2+ 14. Kxe2 b6 15. Rd1 Ba6+ 16. Ke1 Bb7 17. a4 Nxd5 18. Ncxd5 Bxd5 19. a5 Bb7 20. d5 Rac8 21. axb6 axb6 22. Ra7 Rd7 23. b3 Ra8 24. Rxa8+ {½-½ Kiik,K (2430)-Markowski,T (2525) EU-Cup 14th Group3 1998 (3)}) ({RR} 9... Qxd7 10. Qb3 Rd8 11. Ne5 Qd6 12. Nc4 Qa6 13. Ne5 Bf5 14. f3 Rac8 15. Bg5 h6 16. Bf4 g5 17. Bd2 Nd7 18. f4 Nxe5 19. fxe5 Qd3 20. Ne2 Qe4 21. Qf3 Rxd5 22. Bc3 f6 23. exf6 exf6 24. Kf2 {½-½ Silva,D (2358)-Bellahcene,B (2522) ch-Africa 2024 (4.2)}) 10. O-O Nb6 11. Qb3 Bg4 $146 ({RR} 11... e6 12. Bg5 f6 13. dxe6 Qe7 14. d5 fxg5 15. Rae1 Rd8 16. Ne5 Bxe5 17. Rxe5 Kg7 18. Rfe1 Rf8 19. Ne4 Rf5 20. d6 Rxe5 21. dxe7 Rxe6 22. Qc3+ Kh6 23. Nf6 Rxe1+ 24. Qxe1 Bd7 25. Nxd7 {1-0 Heikkila,A-Jarvenpaa,J Tampere op4 1999 (2)}) ({RR} 11... Bf5 12. Re1 Rc8 13. Bg5 Re8 14. Bh4 h6 15. Ne5 a5 16. a4 Qd6 17. Qb5 Qb4 18. Bg3 Red8 19. Nf3 Bg4 20. Ne5 Bf5 21. Nf3 Bg4 {½-½ Schmider,B-Kunze,H Bundeswehr-ch 1988 (9)}) 12. Ne5 Bf5 13. Rd1 Rc8 14. Bf4 h5 15. h3 Kh7 16. Bh2 f6 17. Nd3 Bxd3 18. Rxd3 Qd7 19. Re1 f5 20. Be5 Nc4 21. Re2 a6 22. Rd1 Rfe8 23. Bxg7 Kxg7 24. Re6 Nd6 25. Rde1 Kf7 26. Ne2 Ne4 27. Nf4 g5 28. d6 Kf8 29. dxe7+ Kg7 30. Rg6+ 1-0

[Event "45th Olympiad 2024"]
[Site "Budapest HUN"]
[Date "2024.09.13"]
[Round "3.32"]
[Board "1"]
[White "Cori, Jorge"]
[Black "Giron, Jorge Ernesto"]
[Result "1/2-1/2"]
[WhiteElo "2609"]
[BlackElo "2276"]
[PlyCount "145"]
[EventDate "2024.09.11"]
[WhiteTeam "Peru"]
[BlackTeam "El Salvador"]
[WhiteTeamCountry "PER"]
[BlackTeamCountry "ESA"]

1. d4 Nf6 2. c4 c5 3. d5 e6 4. Nc3 exd5 5. cxd5 d6 6. Nf3 g6 7. Bf4 a6 8. a4 Bg7 9. h3 O-O 10. e3 Ne8 11. Be2 Nd7 12. O-O Qe7 13. Re1 Rb8 ({RR} 13... Ne5 14. Nxe5 Bxe5 15. Bxe5 Qxe5 16. a5 f5 17. Na4 Nf6 18. Nb6 Rb8 19. Qc2 Bd7 20. Rad1 Bb5 21. Bc4 Qe7 22. Qb3 Bxc4 23. Nxc4 Rbd8 24. Qb6 Rd7 25. Qb3 Ne4 26. Re2 Re8 27. Qd3 h5 28. Rb1 {½-½ Cheparinov,I (2678)-Akopian,V (2691) Wch Blitz 7th 2013 (21)}) ({RR} 13... Ne5 14. Bf1 Bd7 15. Nd2 f5 16. Bg3 Nf6 17. f4 Nf7 18. e4 fxe4 19. Ndxe4 Nxe4 20. Rxe4 Qd8 21. Bf2 Qa5 22. Ra3 Rae8 23. Bd3 Rxe4 24. Bxe4 Re8 25. Qd3 Nh6 26. g4 Nf7 27. Kg2 Qb4 28. Bf3 {0-1 Moncada Correa,S (2018)-Osmak,Y (2464) Titled Tue 23rd Jul Early 2024 (1)}) 14. Bf1 Ne5 15. Nxe5 $146 ({RR} 15. Nd2 Nc7 16. a5 b5 17. axb6 Rxb6 18. Qc2 Bd7 19. Bg3 Bb5 20. f4 Nd7 21. Nc4 Bxc4 22. Bxc4 Rfb8 23. Ra2 Rb4 24. Na4 Nf6 25. Bh4 Qe4 26. Qxe4 Nxe4 27. b3 Rxb3 28. Bxb3 Rxb3 29. Rd1 Nb5 {0-1 Loiseau,Q (2370)-Nikolov,M (2542) Marseille op 5th 2012 (3)}) ({RR} 15. e4 Nc7 16. Nxe5 Bxe5 17. Bxe5 Qxe5 18. Qd2 g5 19. g3 Kh8 20. Kh2 Rg8 21. Bg2 b5 22. f4 gxf4 23. gxf4 Qg7 24. Qf2 bxa4 25. e5 Bd7 26. Re3 Rb4 27. Rg1 Qh6 28. Ne4 Nxd5 29. Ng5 Be6 {1-0 Plischki,S (2367)-Mueer,S (2201) Niedersachsen-ch 2013 (5)}) 15... dxe5 16. Bh2 Nd6 17. a5 Bd7 18. Na4 Bxa4 19. Qxa4 Rfc8 20. e4 b5 21. axb6 Rxb6 22. b3 f5 23. Qa5 Rxb3 24. Bxa6 Rc7 25. Rac1 fxe4 26. Rxc5 Rxc5 27. Qxc5 Bf8 28. Bg3 Qe8 29. Qc7 Qa8 30. Be2 Rb7 31. Qc1 Bg7 32. Bg4 h5 33. Be6+ Kh7 34. Qc3 Qa2 35. Qc5 Rb1 36. Rxb1 Qxb1+ 37. Kh2 Qb8 38. Bh4 Qf8 39. Qa7 Qf4+ 40. Bg3 Qf6 41. Kh1 Nb5 42. Qf7 Qxf7 43. Bxf7 Nd6 44. Be6 Bf6 45. Kg1 Kg7 46. Kf1 Kf8 47. Bh2 Nb5 48. Bd7 Nd4 49. Ba4 h4 50. d6 Kf7 51. Ke1 Ke6 52. Be8 g5 53. Bg6 Kxd6 54. Bxe4 Bd8 55. g3 Ba5+ 56. Kd1 Ke6 57. gxh4 gxh4 58. f3 Nb5 59. Bg1 Nc3+ 60. Kc2 Ne2 61. Bf2 Nf4 62. Bb7 Bd8 63. Bc8+ Kd5 64. Bf5 Bg5 65. Bb6 Be7 66. Kc3 Ne2+ 67. Kd2 Nf4 68. Ba5 Bg5 69. Kc2 Be7 70. Bb6 Bg5 71. Ba5 Be7 72. Bb6 Bg5 73. Ba5 1/2-1/2

[Event "45th Olympiad 2024"]
[Site "Budapest HUN"]
[Date "2024.09.13"]
[Round "3.32"]
[Board "3"]
[White "Flores Quillas, Diego Saul Rodri"]
[Black "Arias, Daniel"]
[Result "1/2-1/2"]
[WhiteElo "2451"]
[BlackElo "2213"]
[PlyCount "82"]
[EventDate "2024.09.11"]
[WhiteTeam "Peru"]
[BlackTeam "El Salvador"]
[WhiteTeamCountry "PER"]
[BlackTeamCountry "ESA"]

1. e4 {Szabo,Krisztian} c5 2. Nf3 d6 3. d4 cxd4 4. Nxd4 Nf6 5. Nc3 a6 6. h3 e5 7. Nde2 h5 8. Bg5 ({RR} 8. g3) 8... Be6 9. Bxf6 Qxf6 10. Nd5 Qd8 11. Nec3 g6 ({RR} 11... Nd7 12. Bc4 g6 13. a4 Bh6 14. a5 Rc8 15. Ba2 O-O 16. O-O Kg7) 12. Bc4 Bh6 13. O-O O-O 14. Bb3 Nc6 15. Ne2 ({RR} 15. Qd3 Rc8 16. Rad1 Nd4 17. Ne2 Nxb3 18. Qxb3 b5 ({RR} 18... Kg7 19. f4 Bxf4 ({RR} 19... Qa5) 20. Nexf4 exf4 21. Qxb7 Rxc2) 19. a4 b4 ({RR} 19... Rc5) 20. c3 ({RR} 20. Qxb4 Rxc2) 20... bxc3 21. Nexc3 Kg7 22. Qb7 a5 23. Qa6 Ra8 24. Qe2 Rc8 25. Qa6 Ra8 26. Qd3 Rc8 27. Nb5 Rc6 28. Qa3 Qd7 29. Rfe1 Bg5 {½-½ Nakamura,H (2787)-Vachier Lagrave,M (2768) Sinquefield Cup 2nd 2014 (10)}) ({RR} 15. Qd3 Rc8 16. Rad1 Nd4 17. Ne2 Nxb3 18. Qxb3 b5 19. a4 Rc5 20. Nec3 Qb8 21. axb5 axb5 22. Qb4 Kg7 23. f4 Bxd5 24. Nxd5 Rxc2 25. f5 Qa7+ 26. Kh1 Qa4 27. Qxd6 Qxe4 28. Qf6+ Kh7 29. fxg6+ fxg6 {0-1 Gavrilin,R (2185)-Bok,B (2620) Titled Tue 19th Mar Late 2024 (3)}) 15... Na5 16. c3 $146 ({RR} 16. Qd3 Kh7 17. f4 f5 18. Nec3 Rc8 19. exf5 Bxf5 20. Qe2 Nc6 21. Qe1 b5 22. Rd1 Bg7 23. Ne3 exf4 24. Rxf4 Bh6 25. Rf3 Ne5 26. Rf2 Re8 27. Nxf5 gxf5 28. Rxf5 Nf3+ 29. Rxf3 Rxe1+ 30. Rxe1 Bg5 {1-0 Garifullina,L (2106)-Bodnaruk,A (2423) RUS-ch rapid (Women) 2018 (1.1)}) ({RR} 16. f4 Nxb3 17. axb3 f5 18. exf5 Bxf5 19. Ng3 Qh4 20. Nxf5 Rxf5 21. Qe1 Qxe1 22. Raxe1 Re8 23. b4 e4 24. c4 h4 25. b3 Bg7 26. Re2 g5 27. Rfe1 e3 28. Nxe3 Bd4 29. fxg5 Rfe5 30. Kf2 Rf8+ {0-1 Rathanvel,V (2491)-Matlakov,M (2677) 29th Abu Dhabi Masters 2023 (8.5)}) 16... Rc8 17. f4 exf4 18. Nexf4 Nxb3 19. axb3 Bxf4 20. Rxf4 Bxd5 21. Qxd5 Qb6+ 22. Kh1 Rc5 23. Qd1 Re8 24. Ra4 Rce5 25. Rd4 d5 26. Rxd5 Rxe4 27. Rxe4 Rxe4 28. Rd4 Qe6 29. Qf3 Re1+ 30. Kh2 Qe5+ 31. Qf4 Qxf4+ 32. Rxf4 Kg7 33. Rd4 Kf6 34. Kg3 Re2 35. Rd6+ Re6 36. Rd2 Ke7 37. Kf3 Rf6+ 38. Ke3 Re6+ 39. Kf3 Rf6+ 40. Ke3 Re6+ 41. Kf3 Rf6+ 1/2-1/2

[Event "45th Olympiad 2024"]
[Site "Budapest HUN"]
[Date "2024.09.13"]
[Round "3.32"]
[Board "4"]
[White "Morales Carlos"]
[Black "Delgado Romero, Marco"]
[Result "1/2-1/2"]
[WhiteElo "2131"]
[BlackElo "2390"]
[PlyCount "148"]
[EventDate "2024.09.11"]
[WhiteTeam "El Salvador"]
[BlackTeam "Peru"]
[WhiteTeamCountry "ESA"]
[BlackTeamCountry "PER"]

1. c4 e5 2. Nc3 Nf6 3. g3 d5 4. cxd5 Nxd5 5. Bg2 Nb6 6. Nf3 Nc6 7. O-O Be7 8. d3 O-O 9. Be3 Bg4 10. h3 Bh5 11. g4 ({RR} 11. Na4) ({RR} 11. Qd2 Qd7 12. Kh2 f5 13. a3 a5 14. Rac1 Rad8 15. Rfd1 Bf6 16. Qc2 Nd4 17. Bxd4 exd4 18. Nb1 c6 19. Qb3+ Nd5 20. Nbd2 Rfe8 21. Re1 Re7 22. Nc4 Bf7 23. Qc2 f4 24. g4 h6 25. Nxa5 Rde8 {0-1 Blanden,E (1712)-George,R (1971) 4NCL Spring Online op 1st 2021 (5)}) 11... Bg6 12. d4 Nc4 13. d5 $146 ({RR} 13. Nxe5 N6xe5 14. dxe5 Nxe3 15. fxe3 c6 16. Qb3 Qc7 17. e6 Qe5 18. Qxb7 Bd6 19. exf7+ Bxf7 20. Rf3 Bc4 21. Qxc6 Qh2+ 22. Kf1 Rac8 23. Qd7 Bg3 24. Rf5 g6 25. Bd5+ Bxd5 26. Qxd5+ Kh8 27. Qg2 gxf5 {0-1 Heiligermann,G (2205)-Tompa,J (2455) HUN-chT Hungary 1991}) 13... Nb4 14. Bc1 Nc2 15. Rb1 e4 16. Nd4 Nxd4 17. Qxd4 Nd6 18. Be3 Bf6 19. Qa4 Re8 20. Rbd1 h5 21. Bd4 Bg5 22. Bc5 hxg4 23. hxg4 Bf4 24. e3 Be5 25. Bxd6 Bxd6 26. Nxe4 Bxe4 27. Bxe4 Qh4 28. f4 Qxg4+ 29. Kf2 Bc5 30. Rd4 f5 31. d6 fxe4 32. Qc4+ Re6 33. Rxe4 Qh4+ 34. Ke2 Qg4+ 35. Kd3 Kf7 36. Rxe6 Qxe6 37. Qxc5 Rd8 38. f5 Qxd6+ 39. Qxd6 Rxd6+ 40. Kc3 Kf6 41. Rg1 Rd7 42. e4 Ke5 43. Rg4 c5 44. b4 cxb4+ 45. Kxb4 Kd4 46. a4 Rc7 47. Kb3 a5 48. Rf4 Ke3 49. Rg4 Kf3 50. Rh4 Rc5 51. Rh7 Kxe4 52. Rxg7 Rxf5 53. Rxb7 Kd4 54. Rd7+ Kc5 55. Rc7+ Kb6 56. Rc4 Rf1 57. Rh4 Rb1+ 58. Ka3 Rd1 59. Rh6+ Kc5 60. Rh5+ Rd5 61. Rxd5+ Kxd5 62. Kb3 Kd4 63. Ka3 Kc3 64. Ka2 Kb4 65. Kb2 Kxa4 66. Ka2 Kb4 67. Kb2 a4 68. Ka2 a3 69. Ka1 Kb3 70. Kb1 Kb4 71. Ka2 Ka4 72. Ka1 Kb3 73. Kb1 a2+ 74. Ka1 Ka3 1/2-1/2

[Event "45th Olympiad 2024"]
[Site "Budapest HUN"]
[Date "2024.09.13"]
[Round "3.33"]
[Board "3"]
[White "Ang, Ern Jie Anderson"]
[Black "Pereira, Ruben"]
[Result "1-0"]
[WhiteElo "2132"]
[BlackElo "2457"]
[PlyCount "107"]
[EventDate "2024.09.11"]
[WhiteTeam "Malaysia"]
[BlackTeam "Portugal"]
[WhiteTeamCountry "MAS"]
[BlackTeamCountry "POR"]

1. Nf3 {Meulders,Richard} Nf6 2. g3 d5 3. Bg2 e6 4. O-O Be7 5. d4 Ne4 6. c4 f5 7. Qc2 O-O 8. Nc3 c6 9. Rb1 a5 ({RR} 9... Nd7 10. Rd1 ({RR} 10. b4 a6 11. a4 Bf6 12. Rd1 Nd6 13. cxd5 cxd5 14. a5 Kh8 15. Na4 Nc4 16. Nd2 b5 17. axb6 Ndxb6 18. Nxc4 Nxc4 19. Nc5 Bd7 20. Ra1 Qc8 21. Bf4 Bb5 22. Qc1 Bd8 23. h4 Kg8 24. h5 h6) 10... Nxc3 ({RR} 10... a6 11. Ne1 b5 12. cxd5 cxd5 13. Nxe4 fxe4 14. f3 Bb7 15. fxe4 Rc8 16. Qb3 dxe4 17. Qxe6+ Kh8 18. Bf4 Nf6 19. Rbc1 Rxc1 20. Bxc1 Bb4 21. Nc2 Ba5 22. Bf4 Nd5 23. Be5 Nf6 24. Ne3 Re8 25. Qd6) 11. Qxc3 b5 12. b3 a5 13. Be3 ({RR} 13. Bf4) ({RR} 13. cxb5) 13... b4 14. Qc2 Ba6 15. Rbc1 Bf6 16. Bf4 Qe7 17. Qd2 Rac8 ({RR} 17... dxc4 18. bxc4 Nb6 19. c5 Nc4) 18. cxd5 exd5 ({RR} 18... cxd5 19. Bc7) 19. Rc2 Bb5 20. Rdc1 Ra8 ({RR} 20... Rfe8) 21. h4 ({RR} 21. Rxc6 Bxc6 22. Rxc6 Rac8 23. Ng5 Rxc6 24. Bxd5+ Kh8 25. Bxc6 h6 26. Nf3 g5 27. Be3) 21... Rfe8 ({RR} 21... h6) 22. e3 Ra6 23. Bg5 Bxg5 24. hxg5 {1-0 Tomashevsky,E (2722)-Rombaldoni,A (2530) EU-chT (Men) 19th 2013 (5.6)} {RR} Rb8 25. Bf1 Bxf1 26. Kxf1 Rbb6) 10. a3 Nd7 11. Rd1 $146 ({RR} 11. b4 axb4 12. axb4 Ndf6 13. Ne5 Nxc3 14. Qxc3 Ne4 15. Qc2 Bd7 16. c5 Be8 17. f3 Nf6 18. Bf4 Nd7 19. Nd3 g5 20. Be5 Nxe5 21. Nxe5 Bf6 22. f4 Bxe5 23. dxe5 gxf4 24. gxf4 Bh5 25. b5 cxb5 {1-0 Doncea,V (2410)-Pisu,R (2106) Iasi op 2014 (2)}) ({RR} 11. b4 axb4 12. axb4 Nd6 13. Nd2 b5 14. cxd5 cxd5 15. Nxd5 Bb7 16. Nxe7+ Qxe7 17. Bxb7 Nxb7 18. e4 Rfc8 19. Qd3 Nd6 20. exf5 exf5 21. Bb2 Nb6 22. Rfe1 Qf7 23. Nf3 Nbc4 24. Ne5 Qd5 25. Qf3 Qxf3 {0-1 Tsyhanchuk,S (2273)-Fiskaaen,M (2264) Titled Tue 10th Sep Early 2024 (9)}) ({RR} 11. b4 axb4 12. axb4 Nd6 13. c5 Nc4 14. Nd2 b5 15. Nxc4 bxc4 16. b5 Bb7 17. Bd2 Bf6 18. e3 cxb5 19. Rxb5 Bc6 20. Rb4 g5 21. Rxc4 Rb8 22. Rb1 dxc4 23. Bxc6 Nxc5 24. dxc5 Qd3 25. Qxd3 cxd3 {1-0 Schreiner,P (2422)-Sedlak,N (2548) Donau op 24th 2015 (4)}) 11... g5 12. b4 g4 13. Ne5 Nxc3 14. Qxc3 axb4 15. axb4 Nxe5 16. dxe5 Bd7 17. Bh6 Rf7 18. Qe3 dxc4 19. Qd4 Bg5 20. Bxg5 Qxg5 21. Qxc4 f4 22. Rd4 Raf8 23. e3 Qf5 24. Be4 Qxe5 25. exf4 Qg7 26. Re1 Kh8 27. Bc2 Rf6 28. Qc5 Be8 29. Rd8 Bd7 30. Rxf8+ Rxf8 31. Re5 Be8 32. Rg5 Bg6 33. Qd6 Ra8 34. Bxg6 hxg6 35. Qxe6 Qd4 36. Rxg4 Ra1+ 37. Kg2 Qd5+ 38. Qxd5 cxd5 39. Rxg6 d4 40. Rd6 Rd1 41. Kf3 d3 42. Ke3 Re1+ 43. Kd2 Re2+ 44. Kxd3 Rxf2 45. g4 Rxf4 46. Rd4 Rf3+ 47. Kc4 Rh3 48. Kc5 Rxh2 49. Kb6 Kg7 50. Kxb7 Kf6 51. Re4 Rb2 52. Kb6 Kg5 53. b5 Kh4 54. Kc5 1-0

[Event "45th Olympiad 2024"]
[Site "Budapest HUN"]
[Date "2024.09.13"]
[Round "3.34"]
[Board "2"]
[White "Ahmed Hassan"]
[Black "Krstulovic, Alex"]
[Result "1/2-1/2"]
[WhiteElo "2234"]
[BlackElo "2452"]
[PlyCount "73"]
[EventDate "2024.09.11"]
[WhiteTeam "Sudan"]
[BlackTeam "Hungary C"]
[WhiteTeamCountry "SUD"]

1. g3 d5 2. Bg2 e5 3. c4 d4 4. d3 Nc6 5. Nf3 Bc5 6. O-O Nge7 7. Nbd2 ({RR} 7. Na3 a5 8. Nc2 O-O 9. b3 Bg4 10. a3 Qd7 11. Rb1 Ng6 12. b4 Be7 13. b5 Nd8 14. Re1 Bh3 15. Bh1 Ne6 16. Nd2 Rab8 17. a4 f5 18. Nb3 b6 19. Bc6 Qc8 20. e3 dxe3 21. Nxe3 Bb4 {0-1 Postny,E (2551)-Dardha,D (2612) Titled Tue 14th Feb Early 2023 (4)}) ({RR} 7. Na3 O-O 8. Nc2 Ng6 9. Rb1 a5 10. a3 a4 11. b4 axb3 12. Rxb3 Re8 13. Rb5 Ra5 14. Rb1 Ra7 15. Nb4 Nce7 16. Nd2 c6 17. Ne4 Bb6 18. c5 Bc7 19. e3 Nf5 20. Nc2 dxe3 21. fxe3 Nh6 {0-1 Hoffman,A (2377)-Vazquez,F (2381) 94th ch-URU 2024 (7.5)}) 7... Ng6 $146 ({RR} 7... a5 8. a3 O-O 9. Rb1 f6 10. Ne1 Bg4 11. Nc2 a4 12. b4 axb3 13. Nxb3 Bb6 14. Nb4 Qd7 15. Qc2 Bh3 16. Nxc6 Nxc6 17. Bxh3 Qxh3 18. c5 Ba7 19. Nd2 Nd8 20. Ne4 Bb8 21. Qc4+ Qe6 22. Rb4 {½-½ Petrosian,T-Keres,P Gagra Training Tournament 1953 (5)}) ({RR} 7... a5 8. Nb3 Bb6 9. c5 Ba7 10. a4 O-O 11. Bd2 Be6 12. Nxa5 Nxa5 13. Bxa5 Bxc5 14. Bd2 Qd6 15. Ng5 Bd5 16. Ne4 Bxe4 17. Bxe4 c6 18. Qb3 Kh8 19. Rfc1 f5 20. Bg2 b6 21. Qc4 Qg6 22. a5 {1-0 Vakhania,A (2161)-Tsotsonava,E (1885) GEO-ch (Women) 78th 2021 (6)}) 8. Nb3 Be7 9. e3 O-O 10. exd4 exd4 11. Ne1 a5 12. a3 Bf5 13. f4 Qd7 14. Nd2 Rfe8 15. Ne4 a4 16. b4 axb3 17. Qxb3 Ra6 18. Bd2 Rb6 19. Qd1 Ra8 20. Nf2 Be6 21. Nc2 Bf8 22. Re1 Nge7 23. Rb1 Nc8 24. Rxb6 Nxb6 25. Qe2 Bc5 26. Ne4 Be7 27. Qh5 Bf5 28. Qd1 h6 29. Qb1 Nd8 30. Bb4 Ne6 31. Bxe7 Qxe7 32. Qb5 g6 33. Qe5 Nd7 34. Qb5 Nb6 35. Qe5 Nd7 36. Qb5 Nb6 37. Qe5 1/2-1/2